| 000 | 00760nam a2200229Ia 4500 | ||
|---|---|---|---|
| 001 | 9485 | ||
| 003 | GE_BSU | ||
| 008 | 181216s||||||||xx |||||||||||||| ||und|| | ||
| 040 | _cGE_BSU | ||
| 080 | _a624.04(075.32) | ||
| 100 | _aМихайлов,А.М. | ||
| 245 | _aОсновы расчета элементов строительных конструкций в примерах. | ||
| 245 | _bУчеб. пособие. | ||
| 245 | _cРед. Н.Н.Ещенко. | ||
| 260 | _aМ. | ||
| 260 | _bВысш. школа. | ||
| 260 | _c1980. | ||
| 300 | _a304 стр. с илл. 22см. | ||
| 300 | _eтабл. | ||
| 653 | _aОсновы расчета элементов строительных конструкций в примерах. | ||
| 942 | _cBK | ||
| 999 |
_c42779 _d42779 |
||